00676nam a22001937a 450000500170000001000130001702000260003003500130005603700100006908200080007910000320008724500520011926000330017127000690020430000290027394200220030299900170032495201410034120110906103618.0 aG-001256 a9788174821126c105.00 aG-001256 bGift  a485 aGoyal, Brij Kishore 934446 aUpkar's modern essays /cby Brij Kishore Goyal  aAgrabUpkar Prakashan c201? a4840/24, Govind Lane, Ansari Raod, DaryaganjbNew Delhi e110002 aviii, 255p. c23cm(pbk)  2ddccENh485mGOY c56351d56351 001040708NFICaJPbJPd2011-09-06egiftg105.00l19m3o485 GOYpG-001256r2017-08-16 00:00:00s2015-10-07t1v105.00w2011-09-06yEN